000 00659nam a22001577a 4500
003 NUST
020 _a9788131517994
082 _a621.31042,SRI
100 _aSrivastava, R. K.
_991862
245 _aElectrical machine /
_cR. K. Srivastava
250 _a2nd ed.
260 _aIndia
_bPatparganj
_c2013
300 _avii,686 P.;
505 _aBasic Laws of Electromechanical Energy Conversion (Page-1), Forcess in a Eletromagnetic System (Page-43), Dirict Current Machines (Page-193), Induction Machines (Page-303), Synchronous Machines (Page-441), Special Motors and Introduction to FGenralized Machine Theory (Page-585).
942 _2ddc
_cBK
_k621.31042,SRI
999 _c592094
_d592094